| 000 | 00528nam a2200169Ia 4500 | ||
|---|---|---|---|
| 003 | GCL | ||
| 008 | 140319s9999 xx 000 0 ara d | ||
| 040 |
_aGCL / _cGCL |
||
| 082 | 0 | 4 |
_aد _b050 _bم س |
| 100 | 1 | _aمحمود فهمى حجازى | |
| 245 | 1 | 0 |
_aالسياسة الاسبوعية / _cمحمود فهمى حجازى |
| 490 |
_aالهيئة العامة للاستعلامات _v0 |
||
| 650 | 0 | 4 | _aالدوريات |
| 650 | 0 | 4 | _aالصحافة - دوريات |
| 650 | 0 | 4 | _aالادب - دوريات |
| 942 |
_2ddc _cBK |
||
| 999 |
_c49883 _d49883 |
||